| 000 | 00393nam a22001577a 4500 | ||
|---|---|---|---|
| 999 |
_c53 _d53 |
||
| 005 | 20220309153715.0 | ||
| 008 | 160426b xxu||||| |||| 00| 0 eng d | ||
| 020 | _a978-0-07-049935-5 | ||
| 041 | _aeng | ||
| 082 | _b004.6 | ||
| 100 |
_aFOROUZEN, BEHROUZ A. _97277 |
||
| 245 | _aData Communications and Netwarking | ||
| 260 |
_aNew Delhi _bTata MC Graw Hill, _c2009 |
||
| 300 | _a944 | ||
| 942 | _cBK | ||